000 00206nam a22001097a 4500
100 _aChaturvedi B.K
245 _aChankya Neeti
250 _a2013
260 _bDiamond
300 _a165
942 _2ddc
_cBK
999 _c11006
_d11006